000 00726nam a2200205 i 4500
001 187095
003 ES-MaACL
005 20250822063237.0
008 170412s1989 sp ac c |||| |dcat d
080 _a75 Uclés, Josep (083.824)
100 1 _aUclés, Josep,
_d1952-2013
_9162374
245 1 0 _aJosep Uclés
_b: pintures 1987-1989 : [exposició] Sala Gaspar, Barcelona, [març-abril 1990].
260 _a[Barcelona] :
_bDanés,
_c[1989]
300 _a[68] p. :
_b2 retr., principalmente il. col. ;
_c23 cm.
600 1 7 _aUclés, Josep,
_d1952-2013-
_vExposiciones
_2
_9162375
655 7 _2tgfbne
_9193628
_aCatálogos de exposiciones
852 _aES-MaACL
_jL-31417
942 _2udc
999 _c187095
_d187095